Heritage Statement 2017 (Record no. 116148)
[ view plain ]
| 000 -LEADER | |
|---|---|
| fixed length control field | 01322cai a22002175a 4500 |
| 001 - CONTROL NUMBER | |
| control field | L159915 |
| 008 - FIXED-LENGTH DATA ELEMENTS--GENERAL INFORMATION | |
| fixed length control field | 080811u2017 xxk g 000 0 eng d |
| 035 ## - SYSTEM CONTROL NUMBER | |
| System control number | (Sirsi) u159915 |
| 041 0# - LANGUAGE CODE | |
| Language code of text/sound track or separate title | eng |
| 050 04 - LIBRARY OF CONGRESS CALL NUMBER | |
| Classification number | 690.241 $2 18 |
| 110 2# - MAIN ENTRY--CORPORATE NAME | |
| Corporate name or jurisdiction name as entry element | Department for Culture, Media and Sport |
| 9 (RLIN) | 3525 |
| 245 00 - TITLE STATEMENT | |
| Title | Heritage Statement 2017 |
| Medium | [electronic resource] |
| 260 ## - PUBLICATION, DISTRIBUTION, ETC. | |
| Place of publication, distribution, etc. | [S.l.] |
| Name of publisher, distributor, etc. | Stationary Office |
| Date of publication, distribution, etc. | 2017 |
| 520 ## - SUMMARY, ETC. | |
| Summary, etc. | Sets out the government?s direction and priorities for England?s heritage in the coming years, building on the commitments we made in the Culture White Paper in 2016 and our broader Industrial Strategy. It is structured around four key themes and it focuses on areas where the government can help Heritage Statement 2017 to support and develop the heritage sector and add value to the work of heritage organisations, specialists, professionals, volunteers and all those responsible for the management, protection and promotion of our heritage. |
| 590 ## - LOCAL NOTE (RLIN) | |
| Local note | KA |
| 650 24 - SUBJECT ADDED ENTRY--TOPICAL TERM | |
| Topical term or geographic name entry element | HISTORIC ENVIRONMENT |
| 651 #4 - SUBJECT ADDED ENTRY--GEOGRAPHIC NAME | |
| Geographic name | England |
| Chronological subdivision | 886- |
| 690 ## - LOCAL SUBJECT ADDED ENTRY--TOPICAL TERM (OCLC, RLIN) | |
| Topical term or geographic name as entry element | BUILT ENVIRONMENT-BUILDING TYPES-ANCIENT MONUMENTS AND HISTORIC BUILDINGS |
| 856 40 - ELECTRONIC LOCATION AND ACCESS | |
| Uniform Resource Identifier | <a href="https://www.gov.uk/government/uploads/system/uploads/attachment_data/file/664657/Heritage_Statement_2017__final_-_web_version_.pdf">https://www.gov.uk/government/uploads/system/uploads/attachment_data/file/664657/Heritage_Statement_2017__final_-_web_version_.pdf</a> |
| Public note | View the report at www.gov.uk.... |
| 942 ## - ADDED ENTRY ELEMENTS (KOHA) | |
| Suppress in OPAC | 0 |
| Withdrawn status | Lost status | Source of classification or shelving scheme | Damaged status | Not for loan | Home library | Current library | Shelving location | Date acquired | Total Checkouts | Full call number | Barcode | Date last seen | Copy number | Price effective from | Koha item type |
|---|---|---|---|---|---|---|---|---|---|---|---|---|---|---|---|
| Dewey Decimal Classification | Virtual | Virtual | Online | 23/03/2018 | ONLINE PUBLICATION | 159915-2001 | 06/08/2019 | 1 | 06/08/2019 | Book |